000
00311nam a22001217a 4500
008
160426b xxu||||| |||| 00| 0 eng d
020
_a
9780130323033
020
_a
0130323039
041
_a
eng
080
_a
618.2
245
_a
Pediatric nursing caring for children;
_c
Jane Ball; Ruth Bindler;
942
_2
udc
_c
BK
999
_c
1588
_d
1588